TROMBON CON ESTUCHE COLOR NEGRO MARCA YAMAHA REF. YBL4210 (Registro nro. 12119)

000 -CABECERA
campo de control de longitud fija 00533nrc a22001817a 4500
003 - IDENTIFICADOR DEL NÚMERO DE CONTROL
campo de control OSt
005 - FECHA Y HORA DE LA ÚLTIMA TRANSACCIÓN
campo de control 20200430183137.0
008 - DATOS DE LONGITUD FIJA--INFORMACIÓN GENERAL
campo de control de longitud fija 200430b ||||| |||| 00| 0 spa d
040 ## - FUENTE DE LA CATALOGACIÓN
Centro/agencia transcriptor Nr
082 ## - NÚMERO DE LA CLASIFICACIÓN DECIMAL DEWEY
Número de clasificación 788
Número de documento/Ítem Y15t
110 ## - ENTRADA PRINCIPAL--NOMBRE DE ENTIDAD CORPORATIVA
Código de función/relación Alcaldía de Moquera
Unidad subordinada Secretaria de Culrura
245 ## - MENCIÓN DE TÍTULO
Título TROMBON CON ESTUCHE COLOR NEGRO MARCA YAMAHA REF. YBL4210
Mención de responsabilidad, etc. Secretaria de Cultura
300 ## - DESCRIPCIÓN FÍSICA
Extensión CON ESTUCHE COLOR NEGRO
500 ## - NOTA GENERAL
Nota general Buen estado
650 ## - PUNTO DE ACCESO ADICIONAL DE MATERIA--TÉRMINO DE MATERIA
Fuente del encabezamiento o término Instrumento Musical
Subdivisión de forma Aerófono
710 ## - PUNTO DE ACCESO ADICIONAL--NOMBRE DE ENTIDAD CORPORATIVA
Código de función/relación Alcaldia de Mosquera
942 ## - ELEMENTOS DE PUNTO DE ACCESO ADICIONAL (KOHA)
Fuente del sistema de clasificación o colocación
Tipo de ítem Koha Instrumentos
Existencias
Estado de retiro Estado de pérdida Fuente del sistema de clasificación o colocación Estado dañado No para préstamo Código de colección Localización permanente Ubicación/localización actual Fecha de adquisición Número de inventario Total de préstamos Signatura topográfica completa Código de barras Fecha visto por última vez Fecha del último préstamo Número de copia Precio válido a partir de Tipo de ítem Koha Nota pública
          Instrumentos Musicales ALMACEN INSTRUMENTOS ALMACEN INSTRUMENTOS 30/09/2017 42880 108 788 Y15t 42880 21/05/2026 21/05/2026 Ej 1 30/04/2020 Instrumentos Préstamo 5 Horas

© Todos los derechos reservados para la Biblioteca Pública Municipal San Juan Bosco, 2020
Secretaria de Cultura de Mosquera
Carrera 3 N° 10 Esquina Centro Cultural Barrio El Carmén Teléfono: 8270830 Ext: 34
Funcionando con KOHA
Contacto: Biblioteca Pública Municipal San Juan Bosco/ bibliotecasanjuanbosco@mosquera-cundinamarca.gov.co
Mosquera, Cundinamarca